Liedtext - Ohrwurm - Wise Guys - Statistiken

Allgemein
  • Dieses Quiz wurde 28 mal gespielt
  • Das Durchschnittsergebnis liegt bei 251 aus 324
Antwortstatistiken
Antwort % Korrekt
bin
100%
Hallo
100%
hallo
100%
"Hallo
100%
ich
100%
Ich
100%
"Ich
100%
da"
95%
dein
95%
Ohr
95%
Ohrwurm
95%
das
90%
der
90%
die
90%
Die
90%
Du
85%
du
85%
Hab'
85%
hab'
85%
in
85%
jetzt
85%
wo
85%
bei
80%
geh'
80%
(geh'
80%
Kopf
80%
Mein
80%
Meine
80%
und
80%
Und
80%
ab
75%
Doch
75%
doch
75%
Es
75%
es
75%
hast
75%
im
75%
ja
75%
kein
75%
Lied
75%
mich
75%
mich"
75%
mir
75%
noch
75%
sagt
75%
sagt:
75%
Sie
75%
so
75%
"Was
75%
wieder
75%
alles
70%
auf
70%
damit
70%
den
70%
dich"
70%
fragt
70%
ganze
70%
ganzen
70%
gleiche
70%
immer
70%
keine
70%
los
70%
los)
70%
mal
70%
meinem
70%
mit
70%
nicht
70%
nie
70%
(nie
70%
steck'
70%
Tag
70%
weg
70%
weg)
70%
deinen
65%
dem
65%
eine
65%
Freundin
65%
geht
65%
genug
65%
gibt
65%
hat
65%
holt
65%
Kaution
65%
keinen
65%
mehr
65%
morgen
65%
Polizei
65%
schlafe
65%
sich
65%
soll's?
65%
verlasse
65%
Weil
65%
wenn
65%
wirst
65%
wohn'
65%
zahlt
65%
zu
65%
ausprobiert
60%
Bach
60%
Beethoven
60%
blöde
60%
dass
60%
durch
60%
entkomme
60%
finde
60%
her
60%
hier
60%
hin
60%
knapp
60%
komm
60%
lande
60%
lenkt
60%
nur
60%
Ohren
60%
Ruh'
60%
Schlägerei
60%
schließlich
60%
verzieht
60%
viel
60%
vielleicht
60%
werde
60%
Zweck
60%
Auge
55%
dreh'
55%
dröhne
55%
fliegen
55%
konzentrier'
55%
Krach
55%
krieg'
55%
langsam
55%
leider
55%
plötzlich
55%
Rückweg
55%
Schafe
55%
singt
55%
Straßen
55%
summ'
55%
Tata
55%
tot
55%
verklingt
55%
voll
55%
vor
55%
wälz'
55%
wär'
55%
zähle
55%
Dann
50%
Fünfte
50%
Gläser
50%
Herde
50%
müde
50%
renne
50%
sitzt
50%
Symphonie
50%
zwar
50%
bekannt
45%
funktioniert
45%
merke
45%
nachts
45%
tanzen
45%
virtuos
45%
ziemlich
45%
grad'
40%
sofort
35%
sonst
35%
Uhr
35%
Vier
35%
Allmählich
30%
fertig
30%
penetrant
30%
einfach
25%
Keine übereinstimmenden Quizze gefunden
Verteilung der Resultate
Anzahl Personen mit jedem Resultat
Perzentil nach korrekt beantworteten Fragen
Ihre Resultats-Entwicklung
Sie haben dieses Quiz noch nicht gespielt